00304nam a2200121Ia 4500008004100000041000800041082001300049100001400062245003500076260003000111300000700141700003400148220530s9999 xx 000 0 und d aeng a300bSHA aShabbir S aA New Look Into Social Science bS Chand and Companyc2010 bPB a Dwadashiwar Jaya Sheikh A M